000 00638nam a2200205 a 4500
003 MX-MxUPN
005 20240613105413.0
008 991125s1928 mx a r 000 0 spa d
035 _aUPN01000004401
040 _aMX-MxUPN
_bspa
_cMX-MxUPN
041 0 _aspa
050 4 _aLB1589 M62
_bP52
100 1 _aPichardo, J. Arturo
_947295
100 1 _aPalacios, Adelia
_947296
245 1 0 _aAritmética del hogar :
_bII ciclo
260 _aMéxico :
_bSociedad de Edición y Librería Franco Americana,
_c1928.
300 _a227 páginas :
_bilustraciones
650 4 _aAritmética
_xEstudio y enseñanza (Elemental)
_95289
942 _2lcc
_cLIBRO
999 _c4401
_d4401